Los derechos sociales económicos y culturales en Colombia : (Registro nro. 5216)
[ vista simple ]
| 000 -LEADER | |
|---|---|
| fixed length control field | 01335nam a2200229Ia 4500 |
| 003 - CONTROL NUMBER IDENTIFIER | |
| control field | OSt |
| 005 - DATE AND TIME OF LATEST TRANSACTION | |
| control field | 20200415225609.0 |
| 008 - FIXED-LENGTH DATA ELEMENTS--GENERAL INFORMATION | |
| fixed length control field | 191128s1995 ck fr 000 0 spa d |
| 040 ## - CATALOGING SOURCE | |
| Original cataloging agency | CO-JMCR |
| Transcribing agency | CO-JMCR |
| 041 0# - LANGUAGE CODE | |
| Language code of text/sound track or separate title | spa |
| 082 04 - DEWEY DECIMAL CLASSIFICATION NUMBER | |
| Classification number | 323.4 / |
| Item number | C718d |
| Edition number | 23 |
| 110 1# - MAIN ENTRY--CORPORATE NAME | |
| Corporate name or jurisdiction name as entry element | Colombia. |
| Subordinate unit | Consejería Presidencial para la Política Social |
| 9 (RLIN) | 3130 |
| 245 14 - TITLE STATEMENT | |
| Title | Los derechos sociales económicos y culturales en Colombia : |
| Remainder of title | balance y perspectivas / |
| 260 ## - PUBLICATION, DISTRIBUTION, ETC. | |
| Place of publication, distribution, etc. | Bogotá : |
| Name of publisher, distributor, etc. | ConsejerÍa Presidencial para la Política Social : Programa de las Naciones Unidas para el Desarrollo, |
| Date of publication, distribution, etc. | 1995 |
| 300 ## - PHYSICAL DESCRIPTION | |
| Extent | 289 páginas ; |
| Dimensions | 24 cm. |
| 505 0# - FORMATTED CONTENTS NOTE | |
| Formatted contents note | Teoría y contexto de los derechos sociales -- Los derechos sociales, económicos y culturales en Colombia. Balance y perspectivas -- Las comunidades frente a los derechos sociales, económicos y culturales -- Política social y descentralización |
| 520 ## - SUMMARY, ETC. | |
| Summary, etc. | En un principio, el protagonismo fue para los derechos civiles: los derechos de libertad de expresión, de confesión, de movimiento y de un juicio justo. A finales del siglo XIX y a principio del siglo XX, la atención se centró en torno a los derechos. |
| 650 14 - SUBJECT ADDED ENTRY--TOPICAL TERM | |
| Topical term or geographic name entry element | Derechos económicos y sociales |
| Geographic subdivision | Colombia |
| 9 (RLIN) | 3131 |
| 650 14 - SUBJECT ADDED ENTRY--TOPICAL TERM | |
| Topical term or geographic name entry element | Derechos culturales |
| Geographic subdivision | Colombia |
| 9 (RLIN) | 3132 |
| 650 14 - SUBJECT ADDED ENTRY--TOPICAL TERM | |
| Topical term or geographic name entry element | Derechos humanos |
| Geographic subdivision | Colombia |
| 9 (RLIN) | 3133 |
| 942 ## - ADDED ENTRY ELEMENTS (KOHA) | |
| Source of classification or shelving scheme | Dewey Decimal Classification |
| Koha item type | Books |
| Withdrawn status | Lost status | Source of classification or shelving scheme | Damaged status | Not for loan | Collection code | Home library | Current library | Date acquired | Source of acquisition | Cost, normal purchase price | Total Checkouts | Full call number | Barcode | Date last seen | Copy number | Koha item type |
|---|---|---|---|---|---|---|---|---|---|---|---|---|---|---|---|---|
| Dewey Decimal Classification | Non-fiction | Biblioteca Pública José María del Castillo y Rada | Biblioteca Pública José María del Castillo y Rada | 04/15/2018 | Donación | 0.00 | 323.4 / C718d | 430001542 | 05/16/2024 | Ej.1 | Books |